[Event "Madrid-ch Previa-B"]
[Site "Madrid"]
[Date "2016.02.05"]
[Round "2"]
[White "Barragan Panal, Juan Jose"]
[Black "Alvear Zapata, Juan Pablo"]
[Result "1-0"]
[WhiteElo "1681"]
[BlackElo "1447"]
[PlyCount "59"]
[EventDate "2016.02.04"]
[EventType "swiss"]
[EventRounds "9"]
[EventCountry "ESP"]
[SourceTitle "CBM 171 Extra"]
[Source "ChessBase"]
[SourceDate "2016.04.26"]
[SourceVersion "1"]
[SourceVersionDate "2016.04.26"]
[SourceQuality "1"]

1. Nf3 f5 2. g3 Nf6 3. Bg2 g6 4. c4 Bg7 5. Nc3 d6 6. d4 0-0 7. 0-0 c6 8. e3 Qe8 9. Qb3 Nbd7 10. Re1 e5 11. c5+ d5 12. e4 fxe4 13. Nxe4 Kh8 14. Nd6 Qe6 15. Ng5 Qg4 16. Be3 exd4 17. Bf3 Nxc5 18. Qc2 Qd7 19. Bxd4 Nce4 20. Bxe4 Nxe4 21. Bxg7+ Qxg7 22. Ngxe4 dxe4 23. Nxc8 Raxc8 24. Rxe4 Rcd8 25. Rae1 Rd7 26. Qc5 Rdf7 27. Re7 Qf6 28. Rxf7 Qxf7 29. Re7 Qxa2 30. Qe5+ 1-0